000 00692nam a2200241 a 4500
001 42553
003 BD-RjUL
005 20211209053546.0
008 160613s1939 pk ||||| |||| 00| 0 eng d
035 _a(BD-RjUL)42671
040 _aBD-RjUL
_beng
_cBD-RjUL
041 _aeng
082 _a330
_bSEE 1939
100 _aSeth, R. K.
_9130847
245 0 0 _aElements of economics for intermediate classes /
_cR. K. Seth, P. L. Aggarwal, K. N. Sharma
250 _a3rd ed.
260 _aLahore :
_bRam Lal Suri & sons,
_c1939
300 _aviii, 430 p. ;
_c23 cm.
650 _aEconomics
_9130848
700 _a Aggarwal, P. L.
_9130849
700 _aSharma, K. N.
_9130850
942 _2ddc
_cBK
999 _c42553
_d42553